| 000 | 00750nam a22002295u 4500 | ||
|---|---|---|---|
| 001 | 51596 | ||
| 003 | BD-RJUL | ||
| 005 | 20211209075702.0 | ||
| 008 | 160831s1960 gw 000 0 ger d | ||
| 035 | _a(BD-RjUL)51716 | ||
| 040 |
_aUkOxU _beng _cUkOxU |
||
| 041 | _aeng | ||
| 082 |
_223 _a510 _bKOT 1960 |
||
| 100 | 1 |
_aKöthe, Gottfried, _d1905- _9154229 |
|
| 245 | 1 | 0 |
_aTopologische lineare Räume 1 / _cGottfried Köthe |
| 260 |
_aBerlin : _aGöttingen : _aHeidelberg : _bSpringer-Verlag, _c1960. |
||
| 300 |
_axii, 456 p. ; _c23 cm. |
||
| 490 | 1 |
_aGrundlehren der mathematischen Wissenschaften. _v107 |
|
| 650 |
_aLinear topological spaces. _9151067 |
||
| 830 | 0 |
_aGrundlehren der mathematischen Wissenschaften. _v107 _9154795 |
|
| 942 |
_2ddc _cBK |
||
| 999 |
_c51596 _d51596 |
||